[Event "International Tournament "]
[Site "Paracin, Pool "]
[Date "2019.07.06"]
[Round "3.55"]
[White "Pasti, Aron"]
[Black "Harisurya, Bharadwaj Gundepudi"]
[Result "1/2-1/2"]
[WhiteElo "2209"]
[BlackElo "1831"]
[PlyCount "62"]
[EventDate "2019.07.05"]

1. e4 e5 2. Nf3 Nc6 3. Bb5 a6 4. Ba4 Nf6 5. O-O Be7 6. Re1 b5 7. Bb3 d6 8. c3
O-O 9. h3 Nb8 10. d4 Nbd7 11. Nbd2 Bb7 12. Bc2 Re8 13. Nf1 Bf8 14. Ng3 g6 15.
b3 Bg7 16. Bb2 Rc8 17. a4 c6 18. c4 b4 19. Qd2 c5 20. d5 Rc7 21. Ne2 Nf8 22. g4
Bc8 23. Nh2 N6d7 24. a5 f6 25. Nf3 g5 26. Rad1 Ng6 27. Bc1 Nf4 28. Nxf4 exf4
29. Bb2 Ne5 30. Bxe5 fxe5 31. Ra1 Bf6 1/2-1/2

[Event "International Tournament "]
[Site "Paracin, Pool "]
[Date "2019.07.06"]
[Round "3.56"]
[White "Ashutosh, Kumar"]
[Black "Manish, Anto Cristiano F"]
[Result "0-1"]
[WhiteElo "1928"]
[BlackElo "2208"]
[PlyCount "96"]
[EventDate "2019.07.05"]

1. c4 Nf6 2. g3 c6 3. Bg2 d5 4. Nf3 Bg4 5. Ne5 Bf5 6. Qb3 Nbd7 7. d4 Qb6 8.
cxd5 cxd5 9. Nc3 e6 10. Nxd7 Nxd7 11. O-O Be7 12. e4 dxe4 13. Nxe4 O-O 14. Nc3
Rfd8 15. Be3 a5 16. Rfc1 Qxb3 17. axb3 Nf6 18. h3 h5 19. Nb5 Bb4 20. Bg5 Rd7
21. Be3 Nd5 22. Bxd5 exd5 23. Kh2 Bd3 24. Nc3 b5 25. Na2 Bf8 26. Rc3 Bf5 27.
Rc6 b4 28. Nc1 Rda7 29. Bf4 a4 30. bxa4 Rxa4 31. Rxa4 Rxa4 32. Rb6 f6 33. Rb8
Kf7 34. Rb7+ Ke8 35. Rb8+ Kf7 36. Rb7+ Kg8 37. Rb8 Ra1 38. Nb3 Rd1 39. Nc5 Kf7
40. g4 hxg4 41. hxg4 Bxg4 42. Rxb4 g5 43. Rb8 Bf3 44. Rb7+ Kg6 45. Ne6 Bh5 46.
Kg3 gxf4+ 47. Nxf4+ Kf5 48. Nh3 Rxd4 0-1

[Event "International Tournament "]
[Site "Paracin, Pool "]
[Date "2019.07.06"]
[Round "3.57"]
[White "Kanov, Nikola"]
[Black "Pantic, Ivica"]
[Result "1-0"]
[WhiteElo "1908"]
[BlackElo "2184"]
[PlyCount "92"]
[EventDate "2019.07.05"]

1. e4 c5 2. Nf3 Qc7 3. d4 cxd4 4. Nxd4 a6 5. Nc3 e6 6. Be2 Be7 7. O-O Nf6 8. f4
d6 9. Bf3 O-O 10. Kh1 Re8 11. Qe1 Nfd7 12. Qg3 Bf6 13. Nde2 Nc6 14. Be3 b5 15.
a3 Bb7 16. Rad1 Rad8 17. Nd4 Na5 18. Ndxb5 axb5 19. Nxb5 Qxc2 20. Nxd6 Ba6 21.
Nxe8 Rxe8 22. e5 Be7 23. b4 Bb5 24. bxa5 Bxf1 25. Rxf1 Rb8 26. Rc1 Qd3 27. Qe1
Bxa3 28. Rd1 Qb5 29. Qd2 Bc5 30. Bxc5 Nxc5 31. Qd8+ Qe8 32. Qxe8+ Rxe8 33. Rb1
g6 34. h3 Re7 35. Rb8+ Kg7 36. Ra8 Nd3 37. a6 Nxf4 38. Bb7 Nd5 39. Rb8 Nb6 40.
Bc6 Nd5 41. Rb7 Rc7 42. a7 Rxc6 43. a8=Q Rc1+ 44. Kh2 h5 45. Qa6 Rc2 46. Qf1
Ne3 1-0

[Event "International Tournament "]
[Site "Paracin, Pool "]
[Date "2019.07.06"]
[Round "3.58"]
[White "Maksimovic, Masa"]
[Black "Gajic, Mladen"]
[Result "0-1"]
[WhiteElo "2102"]
[BlackElo "2334"]
[PlyCount "62"]
[EventDate "2019.07.05"]

1. e4 g6 2. d4 Bg7 3. Nc3 d6 4. f4 Nf6 5. Nf3 O-O 6. Bd3 Nc6 7. e5 dxe5 8. fxe5
Nh5 9. Ne2 Nb4 10. Bc4 Bf5 11. Bb3 a5 12. a4 c5 13. O-O c4 14. c3 cxb3 15. cxb4
Bc2 16. Qd2 f5 17. b5 Rc8 18. Nc3 Rc4 19. Qe2 Rxd4 20. Nxd4 Qxd4+ 21. Be3 Qxe5
22. Qc4+ Kh8 23. Rae1 Qd6 24. Rf2 f4 25. Rd2 Qb4 26. Qc7 fxe3 27. Rd8 Qf4 28.
Rxf8+ Bxf8 29. Qxf4 Nxf4 30. Rxe3 Bg7 31. Rf3 Bxc3 0-1

[Event "International Tournament "]
[Site "Paracin, Pool "]
[Date "2019.07.06"]
[Round "3.59"]
[White "Kosmidis, Ioannis"]
[Black "Mitev, Valentin"]
[Result "1-0"]
[WhiteElo "2100"]
[BlackElo "2296"]
[PlyCount "91"]
[EventDate "2019.07.05"]

1. d4 d5 2. c4 c6 3. cxd5 cxd5 4. Bf4 Nc6 5. e3 Nf6 6. Nc3 a6 7. Bd3 g6 8. Rc1
Bg7 9. h3 O-O 10. Nf3 Bd7 11. O-O b5 12. a4 b4 13. Nb1 Qb6 14. Nbd2 Rfd8 15.
Nb3 Ra7 16. Rc5 e6 17. Qe2 Bf8 18. a5 Qb7 19. Rc2 Ne4 20. Rfc1 Qa8 21. Bxe4
dxe4 22. Nfd2 Ne7 23. Bc7 Rxc7 24. Rxc7 Nd5 25. Rxd7 Rxd7 26. Nxe4 Be7 27. Nec5
Rc7 28. Qxa6 Qb8 29. Qd3 Bg5 30. Ra1 e5 31. Ne4 Be7 32. dxe5 Qa8 33. a6 Nb6 34.
Nd6 Qd8 35. a7 Qa8 36. Qb5 Rxa7 37. Rxa7 Qxa7 38. Qe8+ Bf8 39. e6 fxe6 40.
Qxe6+ Kg7 41. Ne8+ Kh6 42. Nd4 Qa5 43. g4 Qa1+ 44. Kh2 Qxb2 45. g5+ Kxg5 46.
Qg4+ 1-0

[Event "International Tournament "]
[Site "Paracin, Pool "]
[Date "2019.07.06"]
[Round "3.60"]
[White "Karaoglan, Kivanc"]
[Black "Skuhala, Jernej"]
[Result "1/2-1/2"]
[WhiteElo "2062"]
[BlackElo "2290"]
[PlyCount "61"]
[EventDate "2019.07.05"]

1. e4 c6 2. d3 d5 3. Nd2 e5 4. Ngf3 Bd6 5. d4 exd4 6. exd5 cxd5 7. Nxd4 Nc6 8.
N2f3 Nf6 9. Be2 h6 10. O-O O-O 11. c3 Re8 12. Re1 Bg4 13. Be3 a6 14. a4 Qc7 15.
h3 Bh5 16. Nf5 Bf8 17. N3d4 Bg6 18. Bf3 Rad8 19. g3 Ne5 20. Bg2 Qc8 21. g4 Bh7
22. Bf4 Nc6 23. Rxe8 Rxe8 24. Nd6 Bxd6 25. Bxd6 Be4 26. f3 Bg6 27. Bf1 Na5 28.
Bf4 Nc4 29. b3 Ne3 30. Qd2 Nxf1 31. Rxf1 1/2-1/2

[Event "International Tournament "]
[Site "Paracin, Pool "]
[Date "2019.07.06"]
[Round "3.61"]
[White "Angun, Batu"]
[Black "Baterdene, Tsogbayar"]
[Result "1-0"]
[WhiteElo "2054"]
[BlackElo "2247"]
[PlyCount "59"]
[EventDate "2019.07.05"]

1. d4 f5 2. c4 Nf6 3. Nf3 g6 4. g3 Bg7 5. Bg2 O-O 6. O-O d6 7. Nc3 Nc6 8. d5
Ne5 9. Nxe5 dxe5 10. e4 fxe4 11. Nxe4 Nxe4 12. Bxe4 Bh3 13. Re1 Bf5 14. Qc2 e6
15. Be3 Qe7 16. Rad1 Rad8 17. a3 Kh8 18. b4 b6 19. Rd2 a5 20. Bxf5 gxf5 21.
dxe6 Rxd2 22. Qxd2 axb4 23. Qd7 Re8 24. axb4 Qxe6 25. Qxc7 f4 26. Bxf4 Rc8 27.
Rxe5 Qg4 28. Qf7 h6 29. Re8+ Kh7 30. Qg8+ 1-0

[Event "International Tournament "]
[Site "Paracin, Pool "]
[Date "2019.07.06"]
[Round "3.62"]
[White "Kecskemeti, Arpad"]
[Black "Gallevci, Yagiz"]
[Result "1-0"]
[WhiteElo "2230"]
[BlackElo "2036"]
[PlyCount "58"]
[EventDate "2019.07.05"]

1. e4 c6 2. d4 d5 3. e5 Bf5 4. h4 h5 5. c4 e6 6. Nc3 Ne7 7. a3 Nd7 8. c5 b6 9.
b4 a5 10. Bd2 f6 11. exf6 gxf6 12. Be2 Bg6 13. Nf3 e5 14. dxe5 fxe5 15. Ng5
axb4 16. axb4 Rxa1 17. Qxa1 Bh6 18. O-O Nf5 19. Nxd5 cxd5 20. c6 Nd4 21. cxd7+
Qxd7 22. Bb5 Qxb5 23. Qa8+ Kd7 24. Qxh8 Ne2+ 25. Kh2 Bxg5 26. Bxg5 Qd3 27. b5
Kd6 28. Qf8+ Kd7 29. Qd8+ Ke6 1-0

[Event "International Tournament "]
[Site "Paracin, Pool "]
[Date "2019.07.06"]
[Round "3.63"]
[White "Banovic, Ivan"]
[Black "Farkas, Sandor I"]
[Result "1-0"]
[WhiteElo "2227"]
[BlackElo "2048"]
[PlyCount "53"]
[EventDate "2019.07.05"]

1. d4 Nf6 2. c4 g6 3. Nc3 Bg7 4. e4 d6 5. Be2 O-O 6. Nf3 e5 7. O-O Nbd7 8. Re1
exd4 9. Nxd4 Nc5 10. f3 a5 11. Be3 c6 12. Qd2 Qe7 13. Bf1 Be6 14. Rad1 Ne8 15.
b3 Qc7 16. Rc1 f5 17. Nxe6 Nxe6 18. exf5 Rxf5 19. f4 Nc5 20. g3 Nf6 21. Bd4 Re8
22. Bh3 Nfe4 23. Nxe4 Rxe4 24. Bxg7 Qxg7 25. Bxf5 Rd4 26. Re8+ Kf7 27. Qe3 1-0

[Event "International Tournament "]
[Site "Paracin, Pool "]
[Date "2019.07.06"]
[Round "3.64"]
[White "Krstic, Milos"]
[Black "Sahin, Ozgun"]
[Result "1/2-1/2"]
[WhiteElo "2050"]
[BlackElo "2214"]
[PlyCount "109"]
[EventDate "2019.07.05"]

1. e4 c5 2. Nf3 g6 3. d4 cxd4 4. Nxd4 Nc6 5. c4 Nf6 6. Nc3 Nxd4 7. Qxd4 d6 8.
Be2 Bg7 9. Be3 O-O 10. Qd2 Be6 11. O-O Qa5 12. Rab1 Rfc8 13. b3 a6 14. Rfc1 Nd7
15. b4 Qd8 16. Nd5 f5 17. exf5 Bxf5 18. Bd3 Bxd3 19. Qxd3 e6 20. Nf4 Ne5 21.
Qe4 Qd7 22. Nd3 Nf7 23. Nf4 Re8 24. Nd3 Rac8 25. f4 Qa4 26. Bd4 Bxd4+ 27. Qxd4
Qxa2 28. Nf2 e5 29. Qd5 Re7 30. Ne4 Rd8 31. Rf1 exf4 32. Rbe1 Re5 33. Qxb7 Rf5
34. g4 fxg3 35. Nxg3 Rxf1+ 36. Rxf1 Qxc4 37. Qe7 Rf8 38. Ne4 Qd4+ 39. Kg2 Qe5
40. Nf6+ Kg7 41. Qxf8+ Kxf8 42. Nd7+ Ke7 43. Nxe5 Nxe5 44. Ra1 Nc6 45. Rxa6
Nxb4 46. Ra7+ Ke6 47. Rxh7 Nd3 48. Kf3 Ne5+ 49. Kf4 Kf6 50. Ke4 Ke6 51. Ra7 Ng4
52. h4 Ne5 53. Ra6 Nf7 54. Rb6 Ne5 55. Rb5 1/2-1/2

[Event "International Tournament "]
[Site "Paracin, Pool "]
[Date "2019.07.06"]
[Round "3.65"]
[White "Kishan, Gangolli"]
[Black "Mullick, Raahil"]
[Result "1-0"]
[WhiteElo "2035"]
[BlackElo "2211"]
[PlyCount "99"]
[EventDate "2019.07.05"]

1. d4 Nf6 2. c4 g6 3. Nc3 Bg7 4. e4 d6 5. Be2 O-O 6. Be3 e5 7. d5 a5 8. g4 Na6
9. h4 Nc5 10. f3 h5 11. g5 Nh7 12. Qd2 f6 13. gxf6 Bxf6 14. Bf2 Bd7 15. O-O-O
a4 16. Kb1 Ra6 17. Nh3 Be8 18. Rdg1 Kh8 19. Qh6 Bg7 20. Qd2 Bf6 21. Qh6 Bg7 22.
Qd2 Qa8 23. Ng5 Nb3 24. Qd1 Nxg5 25. Rxg5 Nd4 26. Nb5 Nxe2 27. Qxe2 Qd8 28. Rg3
Rf4 29. Rhg1 Kh7 30. Be3 c6 31. Nc3 Qxh4 32. dxc6 bxc6 33. c5 Ra8 34. cxd6 Rb8
35. Nxa4 Qd8 36. Rd1 h4 37. Rgg1 Rf7 38. Nc5 Qc8 39. Qg2 Rfb7 40. Nxb7 Rxb7 41.
Qg5 Qe6 42. Qxh4+ Kg8 43. Qg5 Qc4 44. d7 Rxb2+ 45. Kxb2 Qb4+ 46. Kc2 Qc4+ 47.
Kd2 Qb4+ 48. Ke2 Qc4+ 49. Kf2 Qc2+ 50. Rd2 1-0

[Event "International Tournament "]
[Site "Paracin, Pool "]
[Date "2019.07.06"]
[Round "3.66"]
[White "Jovanovic, Sasa T"]
[Black "Danaci, Ege"]
[Result "0-1"]
[WhiteElo "2205"]
[BlackElo "1976"]
[PlyCount "72"]
[EventDate "2019.07.05"]

1. Nf3 Nf6 2. b3 d5 3. g3 Bf5 4. Bg2 e6 5. Bb2 Be7 6. O-O h6 7. c4 c6 8. d3 O-O
9. Nbd2 Nbd7 10. Qc2 Bh7 11. Ne5 Nxe5 12. Bxe5 Nd7 13. Bb2 Bf6 14. Rfc1 Bxb2
15. Qxb2 a5 16. cxd5 exd5 17. d4 Re8 18. e3 Qb6 19. a3 a4 20. b4 Qb5 21. Qc3
Qe2 22. Bf1 Qh5 23. b5 Re6 24. Bg2 Nf6 25. bxc6 bxc6 26. f3 Rae8 27. Nf1 Rb8
28. Ra2 Qg6 29. Rb2 Rxb2 30. Qxb2 Qd3 31. Rxc6 Re8 32. Rb6 Bg6 33. Qb5 Rxe3 34.
Rb8+ Kh7 35. Nxe3 Qxe3+ 36. Kh1 Bd3 0-1

[Event "International Tournament "]
[Site "Paracin, Pool "]
[Date "2019.07.06"]
[Round "3.67"]
[White "Patil, Mitali"]
[Black "Uzumcu, Ahmet Utku"]
[Result "1/2-1/2"]
[WhiteElo "2009"]
[BlackElo "2201"]
[PlyCount "69"]
[EventDate "2019.07.05"]

1. e4 c5 2. c3 Nf6 3. e5 Nd5 4. d4 cxd4 5. cxd4 d6 6. Nf3 Nc6 7. Bc4 dxe5 8.
dxe5 Ndb4 9. Qxd8+ Nxd8 10. Na3 Bg4 11. O-O g6 12. Bd2 Nbc6 13. Bc3 Bxf3 14.
gxf3 Ne6 15. Rad1 Bg7 16. Rfe1 Rd8 17. Rxd8+ Kxd8 18. b4 a6 19. Bd5 Kc8 20. Nc4
Rd8 21. Be4 Ned4 22. Kg2 Nb5 23. Rc1 Bh6 24. Rc2 Nxc3 25. Rxc3 Bd2 26. Nxd2
Rxd2 27. Bxc6 bxc6 28. Rxc6+ Kb7 29. Rc4 Rxa2 30. Rf4 Re2 31. Rxf7 Rxe5 32.
Rxh7 Kb6 33. Rh4 Kb5 34. Rg4 Re6 35. h4 1/2-1/2

[Event "International Tournament "]
[Site "Paracin, Pool "]
[Date "2019.07.06"]
[Round "3.68"]
[White "Kantorik, Marian"]
[Black "Mar, Karmen"]
[Result "1/2-1/2"]
[WhiteElo "2196"]
[BlackElo "2008"]
[PlyCount "47"]
[EventDate "2019.07.05"]

1. d4 d5 2. c4 c6 3. Nf3 Nf6 4. Nc3 dxc4 5. a4 Bf5 6. Nh4 Bc8 7. e3 e5 8. Bxc4
exd4 9. exd4 Be7 10. O-O O-O 11. h3 Na6 12. Bxa6 bxa6 13. Nf3 Be6 14. Ne5 Rc8
15. Be3 Nd5 16. Nxd5 Bxd5 17. Qe2 a5 18. Rfc1 Re8 19. Nd3 Bf6 20. Qd2 Be7 21.
Nc5 Qd6 22. Nd3 Qd8 23. Nc5 Qd6 24. Nd3 1/2-1/2

[Event "International Tournament "]
[Site "Paracin, Pool "]
[Date "2019.07.06"]
[Round "3.69"]
[White "Bojicic, Andjela"]
[Black "Mihov, Filip"]
[Result "1/2-1/2"]
[WhiteElo "1948"]
[BlackElo "2188"]
[PlyCount "62"]
[EventDate "2019.07.05"]

1. d4 d5 2. c4 dxc4 3. e3 e5 4. Bxc4 exd4 5. exd4 Bd6 6. Nf3 Nf6 7. O-O O-O 8.
Bg5 Nc6 9. Nc3 h6 10. Bh4 Bg4 11. Be2 Re8 12. d5 Bxf3 13. Bxf3 Ne5 14. Re1 g5
15. Bg3 Ng6 16. Qd4 Rxe1+ 17. Rxe1 a6 18. Ne4 Nxe4 19. Qxe4 Qf6 20. b3 Rd8 21.
Bg4 Kg7 22. Bf5 h5 23. Bxd6 Qxd6 24. Bxg6 Qxg6 25. Qe5+ Qf6 26. Qxc7 Rxd5 27.
Qxb7 Rd2 28. Rf1 Rxa2 29. Qd5 Kh6 30. h3 Rb2 31. Qc4 Kg6 1/2-1/2

[Event "International Tournament "]
[Site "Paracin, Pool "]
[Date "2019.07.06"]
[Round "3.70"]
[White "Janjic, Stefan"]
[Black "Munkhzul, Davaakhuu"]
[Result "1/2-1/2"]
[WhiteElo "2164"]
[BlackElo "1863"]
[PlyCount "69"]
[EventDate "2019.07.05"]

1. d4 d5 2. c4 Nc6 3. e3 e5 4. cxd5 Qxd5 5. Nc3 Bb4 6. Bd2 Bxc3 7. bxc3 Nf6 8.
c4 Qd6 9. d5 Ne7 10. Qb3 a5 11. Bd3 O-O 12. Ne2 Bf5 13. Ng3 e4 14. Be2 Bg6 15.
Bc3 b6 16. Qb2 Ne8 17. Nh5 Bxh5 18. Bxh5 Qh6 19. Be2 f5 20. O-O Nd6 21. Be5 Ng6
22. Bxd6 cxd6 23. Qxb6 f4 24. exf4 Nxf4 25. Qe3 Qg6 26. g3 Nh3+ 27. Kg2 Ng5 28.
Rac1 Nf3 29. h3 Rae8 30. c5 dxc5 31. Rxc5 Re5 32. Rc6 Qe8 33. Rfc1 h5 34. d6
Qd7 35. h4 1/2-1/2

[Event "International Tournament "]
[Site "Paracin, Pool "]
[Date "2019.07.06"]
[Round "3.71"]
[White "Anacoglu, Cisel"]
[Black "Djukic, Sandra"]
[Result "1/2-1/2"]
[WhiteElo "1869"]
[BlackElo "2153"]
[PlyCount "56"]
[EventDate "2019.07.05"]

1. e4 d6 2. d4 Nf6 3. Nc3 e5 4. Nf3 Nbd7 5. Bc4 Be7 6. O-O O-O 7. Re1 c6 8. a4
b6 9. b3 a6 10. d5 cxd5 11. Nxd5 Nxd5 12. Bxd5 Rb8 13. Ba3 Nf6 14. Qd3 Nxd5 15.
Qxd5 Qc7 16. Qd3 f5 17. Nd2 b5 18. axb5 axb5 19. Bb4 Kh8 20. f3 Qb6+ 21. Kh1
Be6 22. Nb1 fxe4 23. fxe4 Bh4 24. g3 Bg4 25. Nd2 Bg5 26. Rf1 Bxd2 27. Bxd2 Bh3
28. Rxf8+ Rxf8 1/2-1/2

[Event "International Tournament "]
[Site "Paracin, Pool "]
[Date "2019.07.06"]
[Round "3.72"]
[White "Audi, Ameya"]
[Black "Jonsson, Gauti Pall"]
[Result "1-0"]
[WhiteElo "2328"]
[BlackElo "2080"]
[PlyCount "47"]
[EventDate "2019.07.05"]

1. e4 Nc6 2. Nf3 d6 3. d4 Nf6 4. Nc3 g6 5. d5 Nb8 6. Bg5 Bg7 7. Qd2 Nfd7 8.
O-O-O Nc5 9. Bb5+ Bd7 10. Bxd7+ Qxd7 11. Rhe1 O-O 12. Bh6 b5 13. Bxg7 Kxg7 14.
e5 Re8 15. Qd4 f6 16. e6 Qc8 17. h4 b4 18. Ne2 Qa6 19. h5 Qxa2 20. hxg6 hxg6
21. Rh1 Nxe6 22. dxe6 Qxe6 23. Nf4 Qf5 24. g4 1-0

[Event "International Tournament "]
[Site "Paracin, Pool "]
[Date "2019.07.06"]
[Round "3.73"]
[White "Rutten, Alexander"]
[Black "Injac, Teodora"]
[Result "0-1"]
[WhiteElo "2010"]
[BlackElo "2305"]
[PlyCount "102"]
[EventDate "2019.07.05"]

1. e4 c5 2. Nc3 d6 3. g3 Nc6 4. Bg2 g6 5. d3 Bg7 6. f4 e6 7. Nf3 Nge7 8. O-O
O-O 9. Be3 b6 10. d4 d5 11. e5 Nf5 12. Bf2 Nfxd4 13. Nxd4 Nxd4 14. Bxd4 cxd4
15. Ne2 b5 16. Nxd4 Qb6 17. Kh1 Bd7 18. Qd3 Rac8 19. Rad1 b4 20. g4 g5 21. Rf3
Rc4 22. Rh3 Rfc8 23. Bf1 Kf8 24. Qe3 Rxd4 25. Rxd4 Rxc2 26. Bd3 Rxb2 27. f5 Ke8
28. Rxh7 Bf8 29. Rh8 Rxa2 30. f6 Ra1+ 31. Kg2 Bc6 32. Qh3 Qxd4 33. Rxf8+ Kd7
34. Rxf7+ Kd8 35. Qf3 Ra2+ 36. Kh3 Ra3 37. Rf8+ Kc7 38. f7 Rxd3 39. Rc8+ Kxc8
40. f8=Q+ Kb7 41. Qg3 Rxg3+ 42. hxg3 Qb6 43. Qf7+ Ka6 44. Qxe6 b3 45. Qf5 b2
46. Qb1 Bd7 47. e6 Bxe6 48. Qd3+ Kb7 49. Qh7+ Qc7 50. Qd3 Bxg4+ 51. Kxg4 Qc4+
0-1

[Event "International Tournament "]
[Site "Paracin, Pool "]
[Date "2019.07.06"]
[Round "3.74"]
[White "Xilogiannis, Dimitrios"]
[Black "Raahul, V S."]
[Result "0-1"]
[WhiteElo "1999"]
[BlackElo "2251"]
[PlyCount "54"]
[EventDate "2019.07.05"]

1. d4 Nf6 2. Nf3 g6 3. Bg5 Bg7 4. Nbd2 d5 5. e3 Nbd7 6. Be2 O-O 7. O-O c5 8. c3
b6 9. b4 Bb7 10. a4 Ne4 11. Nxe4 dxe4 12. Nd2 h6 13. Bh4 g5 14. Bg3 cxb4 15.
cxb4 e5 16. Nc4 exd4 17. exd4 Qf6 18. Rc1 Qe6 19. Nd6 Bd5 20. Nb5 Bb3 21. Qd2
Qg6 22. a5 f5 23. f4 bxa5 24. bxa5 Rfd8 25. Qb4 Bf7 26. Rfd1 a6 27. Nc7 Rab8
0-1

[Event "International Tournament "]
[Site "Paracin, Pool "]
[Date "2019.07.06"]
[Round "3.75"]
[White "Srdanovic, Jovana"]
[Black "Popovic, Djordje D"]
[Result "0-1"]
[WhiteElo "1975"]
[BlackElo "2227"]
[PlyCount "64"]
[EventDate "2019.07.05"]

1. d4 Nf6 2. c4 e6 3. Nc3 Bb4 4. e3 c5 5. Nge2 cxd4 6. exd4 O-O 7. a3 Be7 8.
Nf4 d5 9. cxd5 exd5 10. Bd3 Nc6 11. O-O Bd6 12. Be3 Ne7 13. Qc2 a6 14. h3 Bd7
15. Rfc1 h6 16. Qb3 Bc6 17. Bb1 Qb8 18. Nfe2 b5 19. Qc2 Rc8 20. Qd2 Ne4 21.
Bxe4 dxe4 22. d5 Rd8 23. Kh1 Be5 24. Nf4 g5 25. Nh5 Bxd5 26. Bxg5 Bb7 27. Qe2
hxg5 28. Nxe4 Bxe4 29. Qxe4 Ng6 30. Rc6 Bg7 31. Rxg6 fxg6 32. Qxg6 Qe5 0-1

[Event "International Tournament "]
[Site "Paracin, Pool "]
[Date "2019.07.06"]
[Round "3.76"]
[White "Wu, David Tai-Wei"]
[Black "Ostojic, Katarina"]
[Result "1/2-1/2"]
[WhiteElo "1960"]
[BlackElo "2164"]
[PlyCount "94"]
[EventDate "2019.07.05"]

1. d4 d5 2. c4 dxc4 3. Nf3 Nf6 4. e3 e6 5. Bxc4 c5 6. O-O a6 7. Qe2 b5 8. Bb3
Be7 9. dxc5 Bxc5 10. a4 b4 11. Nbd2 O-O 12. Bc2 Nbd7 13. b3 Bb7 14. Bb2 Qe7 15.
e4 Rac8 16. Nc4 Rfd8 17. Nfd2 Nb6 18. Rac1 Nxc4 19. Nxc4 Bd4 20. Bxd4 Rxd4 21.
Rfd1 Rcd8 22. Rxd4 Rxd4 23. f3 h6 24. Rd1 Qc5 25. Qf2 e5 26. Kf1 Bc6 27. Rd2
Nd7 28. Bd3 Qe7 29. Bb1 Qc5 30. Bd3 Nb6 31. Nxb6 Qxb6 32. Bc4 a5 33. Rxd4 exd4
34. Ke2 Bxa4 35. bxa4 b3 36. Bxb3 d3+ 37. Ke1 Qxb3 38. Qd2 Qb1+ 39. Kf2 Qb6+
40. Kf1 Qd4 41. g3 Kh7 42. Qxa5 Qc4 43. Qd2 Qc2 44. Ke1 Qb1+ 45. Kf2 Qb6+ 46.
Kf1 Qb1+ 47. Kf2 Qb6+ 1/2-1/2

[Event "International Tournament "]
[Site "Paracin, Pool "]
[Date "2019.07.06"]
[Round "3.77"]
[White "Srimathi, R."]
[Black "Iskos, Alexandros"]
[Result "0-1"]
[WhiteElo "1832"]
[BlackElo "2151"]
[PlyCount "118"]
[EventDate "2019.07.05"]

1. e4 e5 2. Nf3 Nc6 3. d4 exd4 4. Bc4 Nf6 5. O-O Nxe4 6. Re1 d5 7. Bxd5 Qxd5 8.
Nc3 Qd7 9. Rxe4+ Be7 10. Nb5 O-O 11. Bf4 Bd8 12. Nbxd4 Qd5 13. Re1 Bf6 14. c3
Nxd4 15. Nxd4 c6 16. Nb3 Qf5 17. Bg3 h5 18. Qb1 Qg5 19. h4 Qb5 20. Nd4 Qd5 21.
Qe4 Bxd4 22. Qxd4 Qxd4 23. cxd4 Be6 24. Re5 g6 25. Re2 Rad8 26. Be5 f6 27. Bc7
Rd7 28. Rxe6 Rxc7 29. Rd1 Kf7 30. Re2 Rd8 31. g3 Rd5 32. b4 Rcd7 33. Red2 Rb5
34. a3 a5 35. bxa5 Rxa5 36. Rd3 Ke6 37. Kf1 Kd5 38. Ke2 Re7+ 39. Kd2 Ra4 40.
Kc2 Rc4+ 41. Kb3 Re4 42. Re3 Rcxd4 43. Rxd4+ Kxd4 44. Rc3 Re2 45. Rf3 f5 46. a4
c5 47. Rf4+ Kd5 48. f3 Rg2 49. Rc4 Rb2+ 50. Kc3 Rc2+ 51. Kxc2 Kxc4 52. a5 Kb4
53. Kb2 Kxa5 54. Kb3 b5 55. Kc3 b4+ 56. Kb3 Kb5 57. f4 c4+ 58. Kb2 Kc5 59. Kc2
Kd4 0-1

[Event "International Tournament "]
[Site "Paracin, Pool "]
[Date "2019.07.06"]
[Round "3.78"]
[White "Ozkan, Taha"]
[Black "Liu, Hongyan"]
[Result "1-0"]
[WhiteElo "2140"]
[BlackElo "2033"]
[PlyCount "111"]
[EventDate "2019.07.05"]

1. d4 d5 2. Nf3 Nf6 3. e3 e6 4. Bd3 Be7 5. O-O O-O 6. b3 c5 7. Bb2 Nbd7 8. c4
cxd4 9. exd4 b6 10. Nbd2 Bb7 11. Qe2 Rc8 12. Rac1 Re8 13. Rfd1 Rc7 14. Ne5 Nf8
15. Re1 Qa8 16. f3 Bd6 17. Qf2 Ng6 18. Nxg6 hxg6 19. c5 Bf4 20. b4 bxc5 21.
dxc5 e5 22. b5 d4 23. c6 Bc8 24. Nc4 Bf5 25. Bxf5 gxf5 26. Rcd1 Nd5 27. Bxd4
exd4 28. Qxd4 Rd8 29. Qc5 Re7 30. Rxe7 Nxe7 31. Re1 Nd5 32. a4 Qb8 33. h3 Bh2+
34. Kf1 Bg3 35. Rd1 Nc3 36. Rd7 Re8 37. Ne3 Qf4 38. c7 Qxe3 39. Qxe3 Rxe3 40.
c8=Q+ Kh7 41. Re7 Rxe7 42. Qxc3 g6 43. a5 Rc7 44. Qb4 Rc2 45. Qd4 Rc1+ 46. Ke2
Rb1 47. b6 axb6 48. a6 Re1+ 49. Kd2 Re7 50. Qxb6 Bc7 51. Qc5 Bf4+ 52. Kc2 Re2+
53. Kb3 Be3 54. Qe7 Re1 55. a7 Rb1+ 56. Ka2 1-0

[Event "International Tournament "]
[Site "Paracin, Pool "]
[Date "2019.07.06"]
[Round "3.79"]
[White "Zavgorodniaya, Alena"]
[Black "Osaka, Takuma"]
[Result "0-1"]
[WhiteElo "2128"]
[BlackElo "1972"]
[PlyCount "78"]
[EventDate "2019.07.05"]

1. e4 c5 2. Nf3 d6 3. Bc4 Nf6 4. Qe2 Bg4 5. h3 Bxf3 6. Qxf3 Nc6 7. c3 a6 8. Bb3
e6 9. d3 Be7 10. O-O O-O 11. Qe2 b5 12. Be3 d5 13. Nd2 Qd7 14. Bc2 Rfd8 15.
exd5 exd5 16. d4 cxd4 17. cxd4 Re8 18. Nf3 Bd6 19. Qd1 Ne4 20. Rc1 Na5 21. Ng5
Nf6 22. Qd3 g6 23. b3 Ba3 24. Rcd1 Nc6 25. Bb1 Rac8 26. f4 Qe7 27. Bf2 Ne4 28.
Nxe4 dxe4 29. Qe3 Nb4 30. Rde1 f5 31. g4 Nd5 32. Qg3 Rc3 33. Qh2 Kh8 34. Re2
Bd6 35. Be1 Rc1 36. Bg3 Rxf1+ 37. Kxf1 Rc8 38. Rc2 Ne3+ 39. Ke1 Bb4+ 0-1

[Event "International Tournament "]
[Site "Paracin, Pool "]
[Date "2019.07.06"]
[Round "3.80"]
[White "Djokic, Slavoljub"]
[Black "Ratkovic, Petar"]
[Result "0-1"]
[WhiteElo "2128"]
[BlackElo "1954"]
[Annotator "Doe,John"]
[PlyCount "86"]
[EventDate "2019.07.05"]

1. c4 c6 2. Nc3 d5 3. cxd5 cxd5 4. d4 Nf6 5. Nf3 Nc6 6. g3 Bf5 7. Bg2 e6 8. O-O
Be7 9. Bg5 h6 10. Bxf6 Bxf6 11. e3 O-O 12. Rc1 Rc8 13. a3 Na5 14. Nd2 Qd7 15.
Re1 Rfd8 16. b4 Nc4 17. Nxc4 Rxc4 18. Bf1 Rc7 19. Qb3 Rdc8 20. Ne2 Bc2 21. Qb2
Qa4 22. Nf4 Be7 23. Nd3 Bxd3 24. Rxc7 Rxc7 25. Bxd3 a5 26. Rb1 Bf8 27. Kg2 Be7
28. Kf3 Bf8 29. h4 Be7 30. Kg2 Kf8 31. Kh3 Kg8 32. g4 axb4 33. axb4 Qd7 34. f4
Qc8 35. Kg3 Bd6 36. g5 hxg5 37. hxg5 g6 38. Rh1 Bf8 39. b5 b6 40. Kf3 Rc3 41.
Qh2 Bg7 42. Qd2 Bf8 43. Kg3 Rc7 {unreadable} 0-1

[Event "International Tournament "]
[Site "Paracin, Pool "]
[Date "2019.07.06"]
[Round "3.81"]
[White "Ilic, Ilija"]
[Black "Yurasova, Daria"]
[Result "0-1"]
[WhiteElo "1829"]
[BlackElo "2128"]
[PlyCount "74"]
[EventDate "2019.07.05"]

1. d4 d5 2. Bf4 c5 3. e3 Nf6 4. Nc3 a6 5. f3 e6 6. g4 cxd4 7. exd4 Be7 8. Qd2
Nbd7 9. Nge2 Nb6 10. Nc1 Nc4 11. Bxc4 dxc4 12. O-O O-O 13. h4 b5 14. h5 b4 15.
N3e2 Nd5 16. Kg2 Nxf4+ 17. Qxf4 Bb7 18. b3 Bd6 19. Qe3 Qh4 20. Rh1 Qxg4+ 21.
Kf2 Qf5 22. bxc4 e5 23. Nb3 exd4 24. Qd3 Qf6 25. h6 g6 26. Rad1 Be5 27. Nc5 Bc6
28. Ne4 Bxe4 29. Qxe4 Rfe8 30. Qd3 Rad8 31. Rde1 Bc7 32. Ng3 Rxe1 33. Rxe1 Qh4
34. Rg1 Qh2+ 35. Rg2 Bxg3+ 36. Kf1 Qh1+ 37. Rg1 Qh3+ 0-1